| LEADER |
00671nam0a2200193 450 |
| 001 |
16834182 |
| 010 |
|
|
|a 978-2-37408-160-1
|b rel.
|d 15
|
| 100 |
|
|
|a 20190925d2019 u u0frey01 ba
|
| 101 |
1 |
|
|a fre
|c eng
|
| 102 |
|
|
|a FR
|
| 200 |
0 |
|
|a Où l'océan rencontre le ciel
|f the Fan brothers
|g [traduction, Véronique Mercier-Gallay]
|
| 207 |
|
1 |
|a
|
| 210 |
|
|
|a Paris
|c Little Urban
|d 2019
|
| 215 |
|
|
|a 1 vol. (non paginé [42] p.)
|c ill. en coul.
|d 24 x 29 cm
|
| 702 |
|
0 |
|a Mercier-Gallay
|b Véronique
|4 730
|
| 710 |
0 |
2 |
|a Fan brothers
|4 70
|
| 900 |
|
|
|a Album
|
| 901 |
|
|
|a Accessible au prêt
|
| 995 |
|
|
|a Bibliothèque
|c Bibliothèque
|f 024020420
|h 024020420
|k A THE
|o p
|q j
|r az
|e Bibliothèque
|